000 00573nam a2200181 i 4500
001 94864
003 ES-MaACL
005 20230906181555.0
007 t|
008 050517s1966 sp ||||1| spa d
100 1 _aLucas, I. A. M.
_974530
245 1 0 _aAlimentación de los lechones /
_cI. A. M. Lucas y G. A. Lodge; traducción del Dr. Jaime Esain Escobar...
260 _aZaragoza :
_bAcribia,
_c1966.
300 _aVIII, 200 p. :
_bil. ;
_c25 cm.
700 1 _aLodge, G. A.
_973069
700 0 _aEsaín Escobar, Jaime.
_947449
852 _aES-MaACL
_jC-31272
_bR.61758
999 _c94864
_d94864